Z neuzamknutého domu ukradol 1200 USD

Bibliographic Details
Main Author: (rbj) (Author)
Format: Article
Language:Slovak
Subjects:

MARC

LEADER 00000nab a2200000 a 4500
001 vtls001028298
003 SK-MaSNL
005 20260304010949.0
008 040720e20000104xo 0 slo
035 |a SL6852 
040 |a SLLK  |b slo  |c SLLK  |e AACR2 
041 0 |a slo 
044 |a xo  |c SK 
080 |a 343.711  |2 1981 
080 |a 656.08  |2 1981 
100 0 |a (rbj)  |4 aut  |9 1022399 
245 1 0 |a Z neuzamknutého domu ukradol 1200 USD 
650 0 7 |a trestné činy  |2 SLLK  |9 2181 
650 0 7 |a krádeže  |2 SLLK  |9 2230 
650 0 7 |a peniaze  |2 SLLK  |9 2303 
650 0 7 |a vlámania  |2 SLLK  |9 523349 
650 0 7 |a vedecké pokusy  |2 SLLK  |9 69059 
650 0 7 |a dopravné nehody  |2 SLLK  |9 4151 
650 0 7 |a informácie  |2 SLLK  |9 1285 
651 7 |a Forbasy (Slovensko)  |2 SLLK  |9 59210 
651 7 |a Stará Ľubovňa (Slovensko)  |2 SLLK  |9 19193 
651 7 |a Malý Lipník (Slovensko)  |2 SLLK  |9 59208 
651 7 |a Sulín (Slovensko)  |2 SLLK  |9 51624 
651 7 |a SL,  |2 SLLK  |9 1022390 
655 7 |a periodikum  |2 snkbucl  |9 29553 
773 0 8 |t Tatranský denník  |g Roč. 3, č.3, 4.1.2000, s. 2 
852 |a ZVYKNI  |b KIS3GCP 
999 |c 2563835  |d 2565765